<?xml version="1.0" encoding="UTF-8"?>
<record
    xmlns:xsi="http://www.w3.org/2001/XMLSchema-instance"
    xsi:schemaLocation="http://www.loc.gov/MARC21/slim http://www.loc.gov/standards/marcxml/schema/MARC21slim.xsd"
    xmlns="http://www.loc.gov/MARC21/slim">

  <leader>007110000a22000970004500</leader>
  <datafield tag="245" ind1="1" ind2="0">
    <subfield code="a">Mejoramiento de los beneficios de los alimentos que comemos</subfield>
  </datafield>
  <datafield tag="300" ind1=" " ind2=" ">
    <subfield code="a">Vol.0, n&#xFA;m.65 (Febrero, 2006), P&#xE1;ginas 8-9</subfield>
  </datafield>
  <datafield tag="520" ind1=" " ind2=" ">
    <subfield code="a">Para aumentar el valor nutritivo de una comida, siempre hay que mezclar los alimentos b&#xE1;sicos (como el ma&#xED;z, arroz, platano, papa) con alg&#xFA;n tipo de verdura, frijoles, carne o nueces como acompa&#xF1;amiento.  Incluso las cantidades peque&#xF1;as de condimento aumentan el sabor y valor nutritivo (vitaminas, minerales, proteina).  Recordar que aunque las mujeres y ni&#xF1;os pueden comer menos comida b&#xE1;sica, todos necesitamos la misma cantidad de condimentos.</subfield>
  </datafield>
  <datafield tag="773" ind1="0" ind2=" ">
    <subfield code="t">Paso a Paso</subfield>
  </datafield>
  <datafield tag="942" ind1=" " ind2=" ">
    <subfield code="c">ANA</subfield>
  </datafield>
  <datafield tag="952" ind1=" " ind2=" ">
    <subfield code="0">0</subfield>
    <subfield code="1">0</subfield>
    <subfield code="4">0</subfield>
    <subfield code="7">0</subfield>
    <subfield code="8">HEM</subfield>
    <subfield code="a">FUSBC</subfield>
    <subfield code="b">FUSBC</subfield>
    <subfield code="d">2016-01-26</subfield>
    <subfield code="l">0</subfield>
    <subfield code="o"> </subfield>
    <subfield code="r">2016-01-26 00:00:00</subfield>
    <subfield code="w">2016-01-26</subfield>
    <subfield code="y">ANA</subfield>
  </datafield>
  <datafield tag="999" ind1=" " ind2=" ">
    <subfield code="c">61248</subfield>
    <subfield code="d">61248</subfield>
  </datafield>
</record>
